An investigation into linguistic features of like as a discourse marker in spoken and written English

Introduction; Theoretical background; Methodology and procedures...

Tallennettuna:
Bibliografiset tiedot
Päätekijä: Phan, Le Tham.
Muut tekijät: Tran Huu Manh , PhD. (Hướng dẫn.)
Aineistotyyppi: Tuntematon
Kieli:English
Julkaistu: Đà Nẵng : Đại học Đà Nẵng, 2007.
Aiheet:
Tagit: Lisää tagi
Ei tageja, Lisää ensimmäinen tagi!
Thư viện lưu trữ: Mạng thư viện Đại học Đà Nẵng
LEADER 02779na a2200361 4500
001 000031676
003 6792
005 20230724105546.0
008 151001s2007 000 eng
040 |a LNN 
041 |a ENG 
082 |a 420.33  |b PH-T 
100 1 |a Phan, Le Tham. 
245 1 0 |a An investigation into linguistic features of like as a discourse marker in spoken and written English  |h [Thesis-Luận văn thạc sĩ] /  |c Phan Le Tham ; Tran Huu Manh hướng dẫn. 
260 |a Đà Nẵng :  |b Đại học Đà Nẵng,  |c 2007. 
300 |a 73 tr. ;  |c 29 cm. +  |e 1 tóm tắt. 
500 |a M.A. thesis in the English language. 
520 3 |a Introduction; Theoretical background; Methodology and procedures... 
630 0 4 |a Tiếng Anh. 
700 1 |a Tran Huu Manh ,  |c PhD.,  |e Hướng dẫn. 
OWN |a LNN 
AVA |a UDN50  |b LNN  |c English  |d 420.33 PH-T  |e available  |t Error 5001 Not defined in file expand_doc_bib_avail.  |f 1  |g 0  |h N  |i 0  |j AN  |k 1 
Z40 3 |y An investigation into linguistic features of like as a discourse marker in spoken and written Englis  |l Library of UFL  |t VIEW  |x http://catalog.udn.vn:80/F?func=service&doc_library=UDN01&local_base=UDN01&doc_number=000031676&sequence=000001&line_number=0001&func_code=DB_RECORDS&service_type=MEDIA  |f tomtatluanvanbaovemoi_000033708.pdf  |e pdf  |s 000560565  |k 20240415  |m NTMTHI 
Z40 3 |y An investigation into linguistic features of like as a discourse marker in spoken and written Englis  |l Library of UFL  |t VIEW  |x http://catalog.udn.vn:80/F?func=service&doc_library=UDN01&local_base=UDN01&doc_number=000031676&sequence=000002&line_number=0002&func_code=DB_RECORDS&service_type=MEDIA  |f luanvanbaove_000033710.pdf  |e pdf  |s 000955074  |k 20240415  |m NTMTHI 
999 |a From the UDN01 
AVA |a UDN50  |b LNN  |c English  |d 420.33 PH-T  |e available  |t Error 5001 Not defined in file expand_doc_bib_avail.  |f 1  |g 0  |h N  |i 0  |j AN  |k 1 
TYP |a Printed language 
856 |y An investigation into linguistic features of like as a discourse marker in spoken and written Englis  |l Library of UFL  |t VIEW  |x http://catalog.udn.vn:80/F?func=service&doc_library=UDN01&local_base=UDN01&doc_number=000031676&sequence=000001&line_number=0001&func_code=DB_RECORDS&service_type=MEDIA  |f tomtatluanvanbaovemoi_000033708.pdf  |e pdf  |s 000560565  |k 20240415  |m NTMTHI 
856 |y An investigation into linguistic features of like as a discourse marker in spoken and written Englis  |l Library of UFL  |t VIEW  |x http://catalog.udn.vn:80/F?func=service&doc_library=UDN01&local_base=UDN01&doc_number=000031676&sequence=000002&line_number=0002&func_code=DB_RECORDS&service_type=MEDIA  |f luanvanbaove_000033710.pdf  |e pdf  |s 000955074  |k 20240415  |m NTMTHI 
980 |a Mạng thư viện Đại học Đà Nẵng